Statistics for NBA Nicknames Quiz(extreme)

Click here to take the quiz!

General Stats

  • This quiz has been taken 82 times
  • The average score is 14 of 18

Answer Stats

HintNicknameAnswer% Correct
All time LakerBlack MambaKobe Bryant
100%
Scored 100 Points
in a game
The Big DipperWilt Chamberlain
99%
Has 11 championshipsWhiskersBill Russell
94%
4x all defense in 80s/90sThe mailmanKarl Malone
94%
2nd round pick-NuggetsJokerNikola Jokic
93%
won championship with lebronUncle drewKyrie Irving
91%
SkyhookMurdockKareem Abdul Jabbar
88%
Won mvp with OKCSlim reaperKevin Durant
87%
Top 3 Greatest ShooterJesus ShuttlesworthRay Allen
87%
5x assist championNashtySteve Nash
81%
3rd year player for the CelticsJJayson Tatum
75%
Wears 30 for the KnicksBeybladeJulius Randle
67%
1 championship-BostonWhite MambaBrian Scalabrine
64%
4x all star-Celtics,HornetsCardiacKemba Walker
61%
2x DPOYThe Stifle TowerRudy Gobert
61%
2 time dunk contest winnerYoung HollywoodZach Lavine
55%
2x NBA champ,not really thoHenny GodJ.R Smith
52%
Has a brother in the NBAThe Human TorchSteph Curry
3%

Score Distribution

Percentile by Number Answered

Percent of People with Each Score

Your Score History

You have not taken this quiz